| 000 | 00474nam a2200181 a 4500 | ||
|---|---|---|---|
| 001 | 3586 | ||
| 005 | 20180713183514.0 | ||
| 008 | 140415s1987 000 0 spa d | ||
| 020 | _a968130263X | ||
| 041 | _aspa | ||
| 082 |
_a658.5 _bMOO |
||
| 100 | 1 | _aMOORE, FRANKLIN G. | |
| 245 | 1 | 0 | _aADMINISTRACION DE LA PRODUCCION |
| 260 |
_a[s.l.] : _bDIANA, _c1987 |
||
| 300 | _a839 | ||
| 650 | 1 | 4 | _aADMINISTRACION DE LA PRODUCCION |
| 700 | 1 |
_aPARDO, VICENTE _etr. |
|
| 999 |
_c3586 _d3586 |
||